| 000 | 00489nam a22001817a 4500 | ||
|---|---|---|---|
| 005 | 20100722105056.0 | ||
| 010 | _aENG-96759 | ||
| 020 | _a9780070678750 | ||
| 035 | _aEN-80292 | ||
| 037 | _bDBAD/PUB | ||
| 082 | _a629.8-VAR | ||
| 245 | _aControl Systems | ||
| 260 |
_aNew delhi _bTata McGraw Hill Education Private Limited _c2010 |
||
| 270 |
_a7 west Patel Nager, New Delhi 110008 _bNew Delhi |
||
| 300 |
_axvii, 793 p _c23 cm (pbk) |
||
| 500 | _aIncludes index | ||
| 942 |
_2ddc _cEN _mVAR |
||
| 999 |
_c37155 _d37155 |
||